Chùa Đông Thuyền và từ đường trưởng công chúa Ngọc Cơ /

সংরক্ষণ করুন:
গ্রন্থ-পঞ্জীর বিবরন
প্রধান লেখক: Lê Nguyễn Lưu.
বিন্যাস: প্রবন্ধ
ভাষা:Vietnamese
বিষয়গুলি:
ট্যাগগুলো: ট্যাগ যুক্ত করুন
কোনো ট্যাগ নেই, প্রথমজন হিসাবে ট্যাগ করুন!
Thư viện lưu trữ: Thư viện Trường Đại học Đà Lạt
LEADER 00725nam a2200253 4500
001 DLU090102059
005 ##20091202
040 # # |a DLU  |b vie 
041 # # |a vie 
044 # # |a vn 
100 # # |a Lê Nguyễn Lưu. 
245 # # |a Chùa Đông Thuyền và từ đường trưởng công chúa Ngọc Cơ /  |c Lê Nguyễn Lưu. 
653 # # |a Chùa 
653 # # |a Văn hoá Việt Nam 
773 # # |t Huế xưa và nay  |g Số 59, 2003, tr. 90-99 
920 # # |a Phòng Tạp chí -- Trung tâm Thông tin - Thư viện Trường Đại học Đà Lạt 
994 # # |a DLU 
900 # # |a True 
911 # # |a Đào Thị Thu Huyền 
925 # # |a G 
926 # # |a A 
927 # # |a BB 
980 # # |a Thư viện Trường Đại học Đà Lạt